00237 a2200121 4500001000700000020000600007040001100013100002800024240002600052245002100078300000700099362000900106190778 a  cMagnum aAlves, Maria Angélica10aAí, então...lpor10aAí, então... a230 a1989